La obra de Don Pedro de la Gasca en América (Record no. 50232)

MARC details
000 -LEADER
campo de control de longitud fija 00525nam a2200145 i 4500
001 - NÚMERO DE CONTROL
campo de control 50232
003 - IDENTIFICADOR DE NÚMERO DE CONTROL
campo de control ES-MaACL
007 - CAMPO FIJO DE DESCRIPCIÓN FÍSICA--INFORMACIÓN GENERAL
campo de control de longitud fija t|
008 - DATOS DE LONGITUD FIJA--INFORMACIÓN GENERAL
campo de control de longitud fija 030801s1928 sp ||||1| spa d
100 1# - ENTRADA PRINCIPAL--NOMBRE DE PERSONA
Nombre de persona Cuesta Gutiérrez, Luisa.
9 (RLIN) 42061
245 13 - MENCIÓN DEL TÍTULO
Título La obra de Don Pedro de la Gasca en América
Resto del título : contribución al estudio de la política colonizadora de España en América durante el siglo XVI /
Mención de responsabilidad, etc. Luisa Cuesta Gutiérrez.
260 ## - PUBLICACIÓN, DISTRIBUCIÓN, ETC.
Lugar de publicación, distribución, etc. Santiago :
Nombre del editor, distribuidor, etc. El Eco Franciscano,
Fecha de publicación, distribución, etc. 1928.
300 ## - DESCRIPCIÓN FÍSICA
Extensión 76 p. ;
Dimensiones 25 cm.
852 ## - LOCALIZACIÓN
Ubicación ES-MaACL
Número de control de estantería B-4552
Holdings
Estatus retirado Estado de pérdida Estado de daño No para préstamo Biblioteca de origen Biblioteca actual Ubicación en estantería Fecha de adquisición Fuente de adquisición Total de préstamos Signatura topográfica completa Código de barras Visto por última vez Precio de reemplazo Tipo de ítem Koha
        Biblioteca del Ateneo de Madrid Biblioteca del Ateneo de Madrid Sala Pardo Bazán 17/01/2008     B-4552 1052840 23/02/2023 23/02/2023 Libro impreso